| 000 | 00523nam a22001817a 4500 | ||
|---|---|---|---|
| 005 | 20251108164026.0 | ||
| 008 | 250721s1996 xx 000 0 ara d | ||
| 082 | 1 | 4 | _a646.1/مهد |
| 100 | 1 | _aالمهدي، عنايات | |
| 245 | 1 | 0 | _aفن الإبداع في صناعة السلال / |
| 264 | 1 |
_aالقاهرة : _bابن سينا، _c1996. |
|
| 300 | _a224ص | ||
| 650 | 1 | 7 | _aالفنون التشكيلية |
| 650 | 1 | 7 | _aالسلة |
| 650 | 1 | 7 | _aالفنون النسيجية |
| 942 |
_2ddc _cBK |
||
| 999 |
_c1715 _d1715 |
||